000 01191nam a2200277Ia 4500
003 OSt
005 20221005112029.0
006 a|||||r|||| 00| 0
007 ta
008 221004b |||||||| |||| 00| 0 hin d
020 _a817124372X (hbk)
024 _a27035
037 _bGift, 17/05/2016,
_cTextual
040 _aCRL
_cCRL
_bhin
041 _2hin
_ahin
082 _aY15z7, 152P4
100 _aकेडिया, कुसुमलता
245 0 _aस्त्रीत्व
_b धारणाएॅं एवं यथार्थ
246 _aStrītva: dhāraṇāeॅan evan yathārtha: strī - prashna par hindū dṛuṣhṭi se sabhyatāmūlak vimarsha
260 _aवाराणसी
_bविश्वविद्यालय प्रकाशन भारत
_c2004
300 _a180पृ0
_ccm.
650 _aभारतीय-लोक साहित्य
700 _a मिश्र, रामेश्वरप्रसाद
942 _hY15z7, 152P4
_cTEXL
_2cc
999 _c1023614
_d1023614